ՀՀ Գիտությունների ազգային ակադեմիայի հիմնարար գիտական գրադարան  =   Fundamental Scientific Library of NAS RA

Երևան : (Record no. 7277)

MARC details
000 -LEADER
fixed length control field 00820n m a2200217 a 4500
001 - CONTROL NUMBER
control field 000020550
003 - CONTROL NUMBER IDENTIFIER
control field AM-YEHGA
005 - DATE AND TIME OF LATEST TRANSACTION
control field 20250618070819.0
008 - FIXED-LENGTH DATA ELEMENTS--GENERAL INFORMATION
fixed length control field 030329s1960 ai |||||||||||||||||arm d
040 ## - CATALOGING SOURCE
Original cataloging agency AM-YeHGA
041 0# - LANGUAGE CODE
Language code of text/sound track or separate title arm
090 ## - LOCALLY ASSIGNED LC-TYPE CALL NUMBER (OCLC); LOCAL CALL NUMBER (RLIN)
-- 7335
245 00 - TITLE STATEMENT
Title Երևան :
Remainder of title [Լուսանկարների ալբոմ] /
Statement of responsibility, etc. Լուս. հեղ.՝ Հ. Հեքեքյան ; Խմբ.՝ Գ. Աղաբաբյան.
246 31 - VARYING FORM OF TITLE
Title proper/short title Ереван
260 ## - PUBLICATION, DISTRIBUTION, ETC.
Place of publication, distribution, etc. Երևան :
Name of publisher, distributor, etc. Հայպետհրատ,
Date of publication, distribution, etc. 1960.
300 ## - PHYSICAL DESCRIPTION
Extent 167 էջ :
Other physical details նկ. ;
Dimensions 30 սմ.
650 14 - SUBJECT ADDED ENTRY--TOPICAL TERM
Topical term or geographic name entry element Լուսանկարչություն
Geographic subdivision Երևան
Form subdivision Ալբոմ
700 1# - ADDED ENTRY--PERSONAL NAME
Personal name Հեքեքյան, Հակոբ Տիգրանի,
Dates associated with a name 1923-2000
Relator term լուսանկ.
Relationship pht
9 (RLIN) 1045
700 1# - ADDED ENTRY--PERSONAL NAME
Personal name Աղաբաբյան, Գրիգոր Գարեգինի,
Dates associated with a name 1911-1977
Relator term խմբ.
Relationship edt
9 (RLIN) 2415
942 ## - ADDED ENTRY ELEMENTS (KOHA)
Koha item type Գրքեր / Books
Holdings
Withdrawn status Lost status Source of classification or shelving scheme Damaged status Not for loan Collection Home library Current library Date acquired Total checkouts Full call number Barcode Date last seen Price effective from Koha item type Public note Cost, replacement price
    Universal Decimal Classification     Agulian Individual Collection Fundamental Scientific Library Fundamental Scientific Library 21/12/2016   Agul/946 FL0080522 21/12/2016 21/12/2016 Գրքեր / Books ILL Non-Circ.  
          General Fundamental Scientific Library Fundamental Scientific Library 21/12/2016   AIII/407 FL0049739 21/12/2016 21/12/2016 Գրքեր / Books 30 Days Loan  
          General Fundamental Scientific Library Fundamental Scientific Library 21/12/2016   AIII/412 FL0049891 21/12/2016 21/12/2016 Գրքեր / Books 30 Days Loan 1.00
          General Fundamental Scientific Library Fundamental Scientific Library 21/12/2016   AIII/5162 FL0073470 21/12/2016 21/12/2016 Գրքեր / Books 30 Days Loan 2.00


ՀՀ ԳԱԱ հիմնարար գիտական գրադարան
ՀՀ,Երևան 0019
Մարշալ Բաղրամյան 24/6
հեռախոս:(374-10) 52-47-50
Հետադարձ կապ

All site content, except where otherwise noted, is licensed under a
Creative Commons License